• 首页
  • 本馆介绍
  • 公告通知
  • 最新文献
  • 馆藏检索
  • 电子资源
  • 读者导购
  • 参考咨询
  • 我的图书馆
  • 登录
  • 详细信息显示
  • 放入我的书架
  • 预约/预借图书
  • 作者相关作品
  • 分类相关作品
  • 丛书相关作品
  • 出版社相关作品

书目信息

  • 表格格式
  • 工作单格式
  • 卡片格式
题名:
中国音乐史
    
 
作者: 王光祈, 著
分册:  
出版信息: 合肥   安徽人民出版社  2019
页数: 180页
开本: 23cm
丛书名: 兰台学术文库
单 册:
中图分类: J609.2
科图分类:
主题词: 音乐史--中国--yin yue shi
电子资源:
ISBN: 978-7-212-10450-4
000 01001nam 2200277 450
001 012001009320
005 20140101113635.0
010    @a978-7-212-10450-4@dCNY38.00
099    @aCAL 012019080878
100    @a20190522d2019 em y0chiy50 ea
101 0  @achi
102    @aCN@b340000
105    @aagk a 000yy
106    @ar
200 1  @a中国音乐史@Azhong guo yin yue shi@f王光祈著
210    @a合肥@c安徽人民出版社@d2019
215    @a180页@c图, 乐谱@d23cm
225 2  @a兰台学术文库@Alan tai xue shu wen ku
320    @a有书目 (第179-180页)
330    @a本书记录了中国音乐长达数千年的发展和演变的历史过程, 依照发展的时间顺序, 基本可以分为秦、汉以前音乐, 汉、唐时期音乐, 宋、元时期音乐, 明、清音乐, 中国近代音乐等, 记录了中国音乐长达数千年的发展和演变的历史过程。
410  0 @12001 @a兰台学术文库
606 0  @a音乐史@y中国@Ayin yue shi
690    @aJ609.2@v5
701  0 @a王光祈,@f1892-1936@Awang guang qi@4著
801  0 @aCN@b上海新华@c20191020
905    @b1187735-8@dJ609.2@e1062@f4
    
    中国音乐史/王光祈著.-合肥:安徽人民出版社,2019
    180页:图, 乐谱;23cm.-(兰台学术文库)
    
    
    ISBN 978-7-212-10450-4:CNY38.00
    本书记录了中国音乐长达数千年的发展和演变的历史过程, 依照发展的时间顺序, 基本可以分为秦、汉以前音乐, 汉、唐时期音乐, 宋、元时期音乐, 明、清音乐, 中国近代音乐等, 记录了中国音乐长达数千年的发展和演变的历史过程。
●
相关链接 在E读中查询图书 在五车中查询图书 在当当中查询图书 在豆瓣中查询图书


正题名:中国音乐史     索取号:J609.2/1062         预约/预借

序号 登录号 条形码 馆藏地/架位号 状态 备注
1 1187735   211877352   第一样本阅览室/ [索取号:J609.2/1062] 在馆    
2 1187736   211877361   第一借阅区/ [索取号:J609.2/1062] 在馆    
3 1187737   211877370   第一借阅区/ [索取号:J609.2/1062] 在馆    
4 1187738   211877389   第一借阅区/ [索取号:J609.2/1062] 在馆    
唐山师范学院图书馆 欢迎您!
大连网信软件有限公司© 版权所有